| 000 | 00363cam a2200145ua 4500 | ||
|---|---|---|---|
| 041 |
_aeng _h |
||
| 082 |
_a823.09 _bWIL/NI |
||
| 100 | _aWiller, Basil . | ||
| 245 |
_aNineteeth century studies / _cWiller, Basil. _hTextual Documents |
||
| 260 |
_aLondon : _bChatto and Windus , _c1964. |
||
| 300 | _a287 ; . | ||
| 504 | _a | ||
| 942 | _cBK | ||
| 999 |
_c11837 _d11837 |
||